[Event "Madrid-chT 2324"]
[Site "Madrid"]
[Date "2024.02.11"]
[Round "9.2"]
[White "Hidalgo Duque, Carlos"]
[Black "Quispe Arteaga, Gabriel"]
[Result "0-1"]
[WhiteElo "2279"]
[BlackElo "2388"]
[PlyCount "126"]
[EventDate "2023.11.19"]
[EventType "team-tourn"]
[EventRounds "14"]
[EventCountry "ESP"]
[SourceTitle "AjedrezenMadrid"]
[Source "lmi"]
[SourceDate "2023.11.19"]
[SourceVersion "1"]
[SourceVersionDate "2024.03.19"]
[SourceQuality "1"]
[WhiteTeam "Blanco y Negro"]
[BlackTeam "Collado Villalba"]
[WhiteTeamCountry "ESP"]
[BlackTeamCountry "ESP"]

1. d4 Nf6 2. c4 e6 3. Nf3 b6 4. g3 Bb7 5. Bg2 g6 6. O-O Bg7 7. Nc3 Ne4 8. Nxe4
Bxe4 9. Be3 d6 10. Qd2 h6 11. Rfd1 Nd7 12. Rac1 Qe7 13. b4 a5 14. a3 Nf6 15. h3
axb4 16. axb4 b5 17. Ne1 bxc4 18. Rxc4 Bd5 19. Rdc1 Ra7 20. Bxd5 Nxd5 21. Nd3
Qd7 22. Rc6 Rb7 23. Kg2 g5 24. f3 O-O 25. Bf2 Rfb8 26. b5 Qd8 27. e4 Ne7 28.
R6c2 Rxb5 29. Rxc7 Rb1 30. R1c2 R1b7 31. Qc1 Rxc7 32. Rxc7 Rb3 33. Qc2 Rxd3 34.
Rxe7 Rxf3 35. Rc7 Rxf2+ 36. Kxf2 Bxd4+ 37. Kg2 Qf6 38. Qe2 Be5 39. Qf3 Qg6 40.
g4 Kg7 41. Rb7 Bf4 42. Qc3+ Kh7 43. Qd3 Be5 44. Qf3 Bf4 45. Qd3 d5 46. Kf3 Be5
47. Rb3 d4 48. Rb5 Qf6+ 49. Ke2 Kg7 50. Rb1 Bf4 51. Rf1 Qe5 52. Kf3 Qc5 53. Ke2
Be3 54. Kf3 Qc7 55. Kg2 Qb7 56. Qc2 Qb4 57. Kf3 Bf4 58. Ke2 Qb5+ 59. Qd3 Qb2+
60. Kd1 Kf6 61. Qc2 Qa3 62. Qc4 Qe3 63. Re1 Qd2# 0-1

[Event "Madrid-chT 2324"]
[Site "Madrid"]
[Date "2024.02.11"]
[Round "9.3"]
[White "Suarez Uriel, Adrian"]
[Black "Renteria Becerra, Jorge Elicer"]
[Result "1-0"]
[WhiteElo "2404"]
[BlackElo "2211"]
[PlyCount "75"]
[EventDate "2023.11.19"]
[EventType "team-tourn"]
[EventRounds "14"]
[EventCountry "ESP"]
[SourceTitle "AjedrezenMadrid"]
[Source "lmi"]
[SourceDate "2023.11.19"]
[SourceVersion "1"]
[SourceVersionDate "2024.03.19"]
[SourceQuality "1"]
[WhiteTeam "Collado Villalba"]
[BlackTeam "Blanco y Negro"]
[WhiteTeamCountry "ESP"]
[BlackTeamCountry "ESP"]

1. e4 c5 2. Nf3 d6 3. d4 cxd4 4. Nxd4 Nf6 5. Nc3 a6 6. Be3 e5 7. Nb3 Be7 8. f3
Be6 9. Qd2 h5 10. Be2 Nbd7 11. Nd5 Bxd5 12. exd5 O-O 13. Na5 Qb8 14. c4 Bd8 15.
O-O Bb6 16. Bxb6 Nxb6 17. b4 Qc7 18. Rac1 Rfe8 19. Bd3 e4 20. fxe4 Nxe4 21.
Bxe4 Rxe4 22. c5 Nd7 23. c6 bxc6 24. dxc6 Nf6 25. Nb7 d5 26. Nc5 Rc4 27. Nd7
Qxc6 28. Nxf6+ gxf6 29. Rcd1 d4 30. Qh6 Rc2 31. Rf3 h4 32. Qxh4 Rxg2+ 33. Kxg2
Qc2+ 34. Kh3 Qxd1 35. Rg3+ Kf8 36. Qh8+ Ke7 37. Qxa8 Qh5+ 38. Kg2 1-0

[Event "Madrid-chT 2324"]
[Site "Madrid"]
[Date "2024.02.11"]
[Round "9.4"]
[White "Alarcia Astiz, Carlos"]
[Black "Ruiz Buendia, Miguel"]
[Result "0-1"]
[WhiteElo "2241"]
[BlackElo "2344"]
[PlyCount "136"]
[EventDate "2023.11.19"]
[EventType "team-tourn"]
[EventRounds "14"]
[EventCountry "ESP"]
[SourceTitle "AjedrezenMadrid"]
[Source "lmi"]
[SourceDate "2023.11.19"]
[SourceVersion "1"]
[SourceVersionDate "2024.03.19"]
[SourceQuality "1"]
[WhiteTeam "Blanco y Negro"]
[BlackTeam "Collado Villalba"]
[WhiteTeamCountry "ESP"]
[BlackTeamCountry "ESP"]

1. e4 e5 2. Nf3 Nc6 3. Bc4 Nf6 4. d3 Bc5 5. O-O d6 6. c3 a5 7. Bb3 h6 8. Nbd2
O-O 9. Re1 Be6 10. a4 Qd7 11. Bc2 Rad8 12. Nf1 d5 13. Qe2 Ng4 14. Ne3 Nxe3 15.
fxe3 dxe4 16. dxe4 f6 17. Bd2 Qf7 18. Rad1 Bc4 19. Qf2 Bb3 20. Bc1 Ne7 21. Qe2
c6 22. Rxd8 Rxd8 23. Rd1 Rxd1+ 24. Qxd1 Bxc2 25. Qxc2 Nc8 26. Nh4 Kh7 27. c4
Nd6 28. b3 Qh5 29. Nf5 Nxf5 30. exf5 Qg4 31. Qd3 Qf4 32. Bd2 b6 33. h3 e4 34.
Qe2 Qxf5 35. Bc3 Qf4 36. Bd4 Bxd4 37. exd4 f5 38. d5 cxd5 39. cxd5 Kg6 40. Qb5
Qc1+ 41. Kh2 Qc7+ 42. Kh1 Kf6 43. Qe8 Qd6 44. Qb5 f4 45. Qc4 e3 46. Qc3+ Kf7
47. Qc4 Kf6 48. Qd4+ Kf5 49. Qxg7 Ke4 50. Qh7+ Kd4 51. Qc2 Qxd5 52. Qb2+ Kd3
53. Qb1+ Ke2 54. Qc2+ Ke1 55. Qc7 Qd4 56. Kh2 Ke2 57. Qc1 Qd2 58. Qc4+ Kd1 59.
Qf1+ Kc2 60. Qc4+ Kd1 61. Qf1+ Kc2 62. Qc4+ Qc3 63. Qxf4 e2 64. Qe4+ Kd2 65.
Qf4+ Qe3 66. Qd6+ Kc2 67. Qg6+ Kb2 68. Qf6+ Ka2 0-1

[Event "Madrid-chT 2324"]
[Site "Madrid"]
[Date "2024.02.11"]
[Round "9.5"]
[White "Centeno Mendoza, Julio Stefano"]
[Black "Lang, Zalan Andreas"]
[Result "1/2-1/2"]
[WhiteElo "2070"]
[BlackElo "2217"]
[PlyCount "75"]
[EventDate "2023.11.19"]
[EventType "team-tourn"]
[EventRounds "14"]
[EventCountry "ESP"]
[SourceTitle "AjedrezenMadrid"]
[Source "lmi"]
[SourceDate "2023.11.19"]
[SourceVersion "1"]
[SourceVersionDate "2024.03.19"]
[SourceQuality "1"]
[WhiteTeam "Collado Villalba"]
[BlackTeam "Blanco y Negro"]
[WhiteTeamCountry "ESP"]
[BlackTeamCountry "ESP"]

1. e4 d6 2. d4 Nf6 3. Nc3 g6 4. f4 Bg7 5. Nf3 O-O 6. Bd3 Nc6 7. O-O e5 8. dxe5
dxe5 9. f5 Nb4 10. Qe2 Nxd3 11. cxd3 gxf5 12. Bg5 Qd6 13. Bxf6 Qxf6 14. Kh1 c6
15. exf5 Bxf5 16. Ne4 Qg6 17. h3 Bxe4 18. dxe4 Qg3 19. Nh2 Rad8 20. Rf3 Qg5 21.
Nf1 Rd7 22. Rg3 Qd8 23. Ne3 Kh8 24. Nf5 Rg8 25. Nxg7 Rxg7 26. Rxg7 Kxg7 27.
Qg4+ Kh8 28. Rf1 Qe7 29. Qh5 f6 30. Rxf6 Rd1+ 31. Qxd1 Qxf6 32. Kg1 Qf4 33.
Qd8+ Kg7 34. Qe7+ Kg6 35. Qe6+ Kg7 36. Qe7+ Kg6 37. Qe6+ Kg7 38. Qe7+ 1/2-1/2

[Event "Madrid-chT 2324"]
[Site "Madrid"]
[Date "2024.02.11"]
[Round "9.2"]
[White "Rottenwohrer Suarez, Juan"]
[Black "Mkrtchyan, Levon"]
[Result "1-0"]
[WhiteElo "2266"]
[BlackElo "2255"]
[PlyCount "99"]
[EventDate "2023.11.19"]
[EventType "team-tourn"]
[EventRounds "14"]
[EventCountry "ESP"]
[SourceTitle "AjedrezenMadrid"]
[Source "lmi"]
[SourceDate "2023.11.19"]
[SourceVersion "1"]
[SourceVersionDate "2024.03.19"]
[SourceQuality "1"]
[WhiteTeam "San Sebastian de los Reyes"]
[BlackTeam "Tajamar"]
[WhiteTeamCountry "ESP"]
[BlackTeamCountry "ESP"]

1. d4 d5 2. c4 e6 3. Nf3 Nf6 4. Nc3 Bb4 5. Qa4+ Nc6 6. a3 Bxc3+ 7. bxc3 O-O 8.
Bg5 h6 9. Bh4 dxc4 10. e3 g5 11. Bg3 Ne4 12. Bxc4 Nxc3 13. Qc2 Nd5 14. h4 g4
15. Ne5 Nxe5 16. Bxe5 c6 17. O-O Qxh4 18. e4 Ne7 19. Bg3 Qg5 20. f3 f5 21. Bd6
g3 22. Rfe1 Qh4 23. Bxe7 Qxe7 24. exf5 Qf6 25. fxe6 Qxd4+ 26. Kf1 Kg7 27. Rad1
Qh4 28. Qc3+ Rf6 29. Rd4 Qh2 30. Ke2 Qxg2+ 31. Kd1 Bxe6 32. Rxe6 Qxf3+ 33. Qxf3
Rxf3 34. Rg4+ Kf8 35. Re5 Rd8+ 36. Ke1 Rd5 37. Bxd5 cxd5 38. Rxd5 Rxa3 39. Rd7
b5 40. Rb7 h5 41. Rf4+ Ke8 42. Kf1 Ra2 43. Rh4 a6 44. Rxh5 Rh2 45. Rxh2 gxh2
46. Kg2 Kd8 47. Kxh2 Kc8 48. Rb6 Kc7 49. Rxa6 Kb7 50. Re6 1-0

[Event "Madrid-chT 2324"]
[Site "Madrid"]
[Date "2024.02.11"]
[Round "9.3"]
[White "Rodriguez Avila, Alvaro"]
[Black "Alfaya Marcelo, Roberto"]
[Result "0-1"]
[WhiteElo "2186"]
[BlackElo "2315"]
[PlyCount "132"]
[EventDate "2023.11.19"]
[EventType "team-tourn"]
[EventRounds "14"]
[EventCountry "ESP"]
[SourceTitle "AjedrezenMadrid"]
[Source "lmi"]
[SourceDate "2023.11.19"]
[SourceVersion "1"]
[SourceVersionDate "2024.03.19"]
[SourceQuality "1"]
[WhiteTeam "Tajamar"]
[BlackTeam "San Sebastian de los Reyes"]
[WhiteTeamCountry "ESP"]
[BlackTeamCountry "ESP"]

1. e4 c5 2. Nf3 e6 3. d4 cxd4 4. Nxd4 Nc6 5. Nc3 Qc7 6. g3 a6 7. Bg2 d6 8. O-O
Bd7 9. Re1 Be7 10. Nf5 exf5 11. Nd5 Qd8 12. Be3 fxe4 13. Bb6 Qc8 14. Nc7+ Kf8
15. Nxa8 Qxa8 16. Rxe4 Nf6 17. Re1 Be6 18. Qd2 Qc8 19. Re3 g6 20. Rae1 Kg7 21.
Rc3 Qd7 22. a4 Rc8 23. f4 d5 24. Rce3 Bf8 25. c3 Kg8 26. Kh1 Bg7 27. Rf1 Ne7
28. a5 Nf5 29. Ree1 Qb5 30. Qe2 Qxe2 31. Rxe2 Nd6 32. Bd4 Nfe4 33. Bxg7 Kxg7
34. Kg1 f5 35. Ra1 Kf6 36. Bf3 Bd7 37. Ree1 Bb5 38. Red1 Bc6 39. Be2 Re8 40.
Re1 Nd2 41. Rad1 Nb3 42. Bf3 Rxe1+ 43. Rxe1 Nxa5 44. Kf2 Nac4 45. Re2 Ne4+ 46.
Ke1 a5 47. b3 Ncd6 48. Rc2 Nb5 49. Bxe4 dxe4 50. Kd2 Nc7 51. Ra2 b6 52. Ke3 Ke7
53. Rd2 Bd5 54. c4 Bc6 55. Kd4 Ne6+ 56. Kc3 Nc5 57. b4 Nd3 58. bxa5 bxa5 59.
Kd4 a4 60. Ra2 Kd6 61. Ra1 Nc5 62. Kc3 Nb3 63. Rd1+ Kc5 64. Rd8 Na5 65. Rh8
Nxc4 66. Rxh7 e3 0-1

[Event "Madrid-chT 2324"]
[Site "Madrid"]
[Date "2024.02.11"]
[Round "9.4"]
[White "Martinez Fernandez, Raul"]
[Black "Sahuquillo Cruz, Alejandro"]
[Result "1/2-1/2"]
[WhiteElo "2183"]
[BlackElo "2052"]
[PlyCount "91"]
[EventDate "2023.11.19"]
[EventType "team-tourn"]
[EventRounds "14"]
[EventCountry "ESP"]
[SourceTitle "AjedrezenMadrid"]
[Source "lmi"]
[SourceDate "2023.11.19"]
[SourceVersion "1"]
[SourceVersionDate "2024.03.19"]
[SourceQuality "1"]
[WhiteTeam "San Sebastian de los Reyes"]
[BlackTeam "Tajamar"]
[WhiteTeamCountry "ESP"]
[BlackTeamCountry "ESP"]

1. e4 c5 2. Nf3 Nc6 3. Bb5 g6 4. Bxc6 dxc6 5. d3 Bg7 6. a4 a5 7. O-O b6 8. h3
e5 9. Be3 Ne7 10. Na3 Ba6 11. Qd2 Qd6 12. Qc3 O-O 13. Nc4 Bxc4 14. Qxc4 Nc8 15.
c3 Qc7 16. d4 Nd6 17. Qd3 cxd4 18. cxd4 exd4 19. Bxd4 Bxd4 20. Qxd4 Rad8 21. e5
Nf5 22. Qc3 Rd5 23. Rfe1 Re8 24. Re4 Qd7 25. Rae1 h6 26. e6 Rxe6 27. Rxe6 fxe6
28. Qf6 Qf7 29. Qc3 c5 30. Qc4 Nd4 31. Nh2 h5 32. Qa6 Rf5 33. f3 Qc7 34. Qa8+
Kh7 35. Qe4 Qf7 36. Re3 Rf4 37. Qe5 Rf5 38. Qb8 Nc2 39. Re4 Qd7 40. Qxb6 Qd1+
41. Nf1 Nd4 42. Qc7+ Kg8 43. Qc8+ Kg7 44. Qc7+ Kg8 45. Qc8+ Kg7 46. Qc7+
1/2-1/2

[Event "Madrid-chT 2324"]
[Site "Madrid"]
[Date "2024.02.11"]
[Round "9.5"]
[White "Martinez Aragon, Aitor"]
[Black "Quevedo Marin, Manuel"]
[Result "1/2-1/2"]
[WhiteElo "1977"]
[BlackElo "2121"]
[PlyCount "21"]
[EventDate "2023.11.19"]
[EventType "team-tourn"]
[EventRounds "14"]
[EventCountry "ESP"]
[SourceTitle "AjedrezenMadrid"]
[Source "lmi"]
[SourceDate "2023.11.19"]
[SourceVersion "1"]
[SourceVersionDate "2024.03.19"]
[SourceQuality "1"]
[WhiteTeam "Tajamar"]
[BlackTeam "San Sebastian de los Reyes"]
[WhiteTeamCountry "ESP"]
[BlackTeamCountry "ESP"]

1. e4 e5 2. Nf3 Nc6 3. Bc4 d6 4. d4 Nf6 5. Nc3 Be7 6. h3 O-O 7. O-O Na5 8. Bd3
Nc6 9. Bc4 Na5 10. Bd3 Nc6 11. Bc4 1/2-1/2

[Event "Madrid-chT 2324"]
[Site "Madrid"]
[Date "2024.02.11"]
[Round "9.6"]
[White "Hernandez Ramos, David"]
[Black "Zaragoza Alanis, Miguel Arnulfo"]
[Result "0-1"]
[WhiteElo "2086"]
[BlackElo "2098"]
[PlyCount "82"]
[EventDate "2023.11.19"]
[EventType "team-tourn"]
[EventRounds "14"]
[EventCountry "ESP"]
[SourceTitle "AjedrezenMadrid"]
[Source "lmi"]
[SourceDate "2023.11.19"]
[SourceVersion "1"]
[SourceVersionDate "2024.03.19"]
[SourceQuality "1"]
[WhiteTeam "San Sebastian de los Reyes"]
[BlackTeam "Tajamar"]
[WhiteTeamCountry "ESP"]
[BlackTeamCountry "ESP"]

1. d4 d5 2. c4 e6 3. Nc3 Nf6 4. Bg5 Be7 5. Nf3 h6 6. Bh4 O-O 7. e3 b6 8. Be2
Bb7 9. Bxf6 Bxf6 10. cxd5 exd5 11. b4 c6 12. Qb3 a6 13. O-O Nd7 14. a4 b5 15.
a5 Be7 16. e4 c5 17. dxc5 dxe4 18. Ne1 Nf6 19. Rd1 Qc7 20. Nc2 Rac8 21. Ne3
Rfd8 22. h3 Qe5 23. Rfe1 Rxd1 24. Bxd1 Rd8 25. Bc2 Re8 26. Nf1 Bd8 27. Ng3 Bc7
28. Re3 Qd4 29. Qb1 Bxg3 30. Rxg3 e3 31. Ne2 exf2+ 32. Kf1 Qd2 33. Qd1 Qxb4 34.
Kxf2 Qxc5+ 35. Kf1 Nd5 36. Qd4 Qxd4 37. Nxd4 Ne3+ 38. Kf2 Nxc2 39. Nxc2 Rc8 40.
Nd4 Rc4 41. Nf5 Rf4+ 0-1

[Event "Madrid-chT 2324"]
[Site "Madrid"]
[Date "2024.02.11"]
[Round "9.1"]
[White "Moreno Ruiz, Javier"]
[Black "Perez Gonzalez, Jose Manuel"]
[Result "1/2-1/2"]
[WhiteElo "2397"]
[BlackElo "2186"]
[PlyCount "124"]
[EventDate "2023.11.19"]
[EventType "team-tourn"]
[EventRounds "14"]
[EventCountry "ESP"]
[SourceTitle "AjedrezenMadrid"]
[Source "lmi"]
[SourceDate "2023.11.19"]
[SourceVersion "1"]
[SourceVersionDate "2024.03.19"]
[SourceQuality "1"]
[WhiteTeam "Mostoles"]
[BlackTeam "San Fernando de Henares"]
[WhiteTeamCountry "ESP"]
[BlackTeamCountry "ESP"]

1. d4 Nf6 2. c4 c5 3. d5 b5 4. cxb5 a6 5. e3 axb5 6. Bxb5 Qa5+ 7. Nc3 Bb7 8.
Bd2 Qb6 9. Nf3 Nxd5 10. Nxd5 Bxd5 11. a4 e6 12. Bc3 Be7 13. O-O O-O 14. Ne5 d6
15. Nc4 Qd8 16. Qg4 Bf6 17. Bxf6 Qxf6 18. Nxd6 Qxb2 19. Rac1 Qe5 20. Nc4 Qc7
21. Rfd1 Nc6 22. Qg3 Qxg3 23. hxg3 Bxc4 24. Rxc4 Na7 25. Bd7 Nc8 26. Rxc5 Nb6
27. a5 Nxd7 28. Rxd7 g6 29. g4 h6 30. Kh2 Ra6 31. Kg3 Kg7 32. f4 Rfa8 33. Rcc7
Rf8 34. Ra7 Rxa7 35. Rxa7 Rc8 36. Rb7 Rc3 37. Kf3 Ra3 38. Rb5 f5 39. gxf5 exf5
40. Rb7+ Kg8 41. Rb6 Kg7 42. a6 g5 43. Re6 Ra2 44. fxg5 hxg5 45. g4 fxg4+ 46.
Kxg4 Ra5 47. e4 Kf7 48. Rb6 Re5 49. Kf3 Ra5 50. Kg4 Re5 51. Rb4 Ra5 52. Rb7+
Kf6 53. a7 Ra3 54. Rc7 Ra4 55. Kh5 Ra5 56. Rc6+ Kf7 57. Rc7+ Kf6 58. Rd7 Ra1
59. Kg4 Ra3 60. Rc7 Ra4 61. Kf3 Ra3+ 62. Kg4 Ra4 1/2-1/2

[Event "Madrid-chT 2324"]
[Site "Madrid"]
[Date "2024.02.11"]
[Round "9.2"]
[White "Jimenez Lopez, Antonio"]
[Black "Valles Moreno, Ivan"]
[Result "0-1"]
[WhiteElo "2187"]
[BlackElo "2331"]
[PlyCount "84"]
[EventDate "2023.11.19"]
[EventType "team-tourn"]
[EventRounds "14"]
[EventCountry "ESP"]
[SourceTitle "AjedrezenMadrid"]
[Source "lmi"]
[SourceDate "2023.11.19"]
[SourceVersion "1"]
[SourceVersionDate "2024.03.19"]
[SourceQuality "1"]
[WhiteTeam "San Fernando de Henares"]
[BlackTeam "Mostoles"]
[WhiteTeamCountry "ESP"]
[BlackTeamCountry "ESP"]

1. c4 d6 2. Nf3 e5 3. Nc3 Be7 4. d4 Nd7 5. e4 Ngf6 6. Be2 O-O 7. O-O c6 8. h3
Qe8 9. Qc2 Bd8 10. dxe5 dxe5 11. b3 Qe7 12. Na4 Re8 13. Bb2 Bc7 14. c5 Nf8 15.
Rfe1 Ng6 16. Bf1 h6 17. g3 Nh7 18. Kh2 Bd7 19. b4 Ng5 20. Nxg5 hxg5 21. f3 Qf6
22. Re3 Nf8 23. Rd1 Bc8 24. Bc1 Ne6 25. Red3 Nd4 26. Qg2 b5 27. Nc3 a5 28. a3
axb4 29. axb4 Be6 30. Ne2 Bc4 31. Rc3 Ra2 32. Rd2 Rea8 33. Bb2 g4 34. fxg4 Qh6
35. Nxd4 exd4 36. Rxc4 bxc4 37. Bxc4 Qe3 38. Rf2 Rxb2 39. Rxb2 Ra3 40. Qf1
Qxg3+ 41. Kh1 Rf3 42. Qg2 Qe1+ 0-1

[Event "Madrid-chT 2324"]
[Site "Madrid"]
[Date "2024.02.11"]
[Round "9.3"]
[White "Beltran de Heredia Eguiaz, Miguel Angel"]
[Black "Garrido Olivares, Ricard"]
[Result "1/2-1/2"]
[WhiteElo "2219"]
[BlackElo "2136"]
[PlyCount "77"]
[EventDate "2023.11.19"]
[EventType "team-tourn"]
[EventRounds "14"]
[EventCountry "ESP"]
[SourceTitle "AjedrezenMadrid"]
[Source "lmi"]
[SourceDate "2023.11.19"]
[SourceVersion "1"]
[SourceVersionDate "2024.03.19"]
[SourceQuality "1"]
[WhiteTeam "Mostoles"]
[BlackTeam "San Fernando de Henares"]
[WhiteTeamCountry "ESP"]
[BlackTeamCountry "ESP"]

1. e4 c6 2. d4 d5 3. e5 Bf5 4. Nf3 e6 5. Be2 c5 6. Be3 Qb6 7. c4 Qxb2 8. O-O
Ne7 9. Nbd2 Nbc6 10. Nb3 dxc4 11. Bxc4 Rd8 12. Nxc5 Nd5 13. Bxd5 Rxd5 14. Nd3
Qb5 15. Nf4 Rd7 16. a4 Qa6 17. Qb3 Be7 18. Rfc1 O-O 19. Qb5 Nb8 20. d5 exd5 21.
Nxd5 Bd8 22. Nf4 Bb6 23. Bxb6 Qxb6 24. Nh4 Be6 25. Qxb6 axb6 26. Nxe6 fxe6 27.
Nf3 Nc6 28. Rab1 Ra8 29. Rc4 Ra5 30. Re4 h6 31. h3 Ra6 32. Kf1 Rd5 33. Ke2 b5
34. axb5 Rb6 35. Ke3 Rdxb5 36. Rxb5 Rxb5 37. Nd4 Nxd4 38. Kxd4 Kf7 39. Kc4
1/2-1/2

[Event "Madrid-chT 2324"]
[Site "Madrid"]
[Date "2024.02.11"]
[Round "9.4"]
[White "Gallego Bergada, Antoni"]
[Black "Moreno Ibanez, Miguel"]
[Result "0-1"]
[WhiteElo "2123"]
[BlackElo "2181"]
[PlyCount "90"]
[EventDate "2023.11.19"]
[EventType "team-tourn"]
[EventRounds "14"]
[EventCountry "ESP"]
[SourceTitle "AjedrezenMadrid"]
[Source "lmi"]
[SourceDate "2023.11.19"]
[SourceVersion "1"]
[SourceVersionDate "2024.03.19"]
[SourceQuality "1"]
[WhiteTeam "San Fernando de Henares"]
[BlackTeam "Mostoles"]
[WhiteTeamCountry "ESP"]
[BlackTeamCountry "ESP"]

1. e4 c5 2. Nf3 Nc6 3. d4 cxd4 4. Nxd4 e5 5. Nb5 d6 6. N1c3 a6 7. Na3 Be7 8.
Be3 b5 9. Nd5 Rb8 10. c4 b4 11. Nc2 Nf6 12. f3 O-O 13. Be2 b3 14. axb3 Rxb3 15.
Qc1 h6 16. O-O Nd7 17. Rd1 Bg5 18. Bxg5 hxg5 19. Nce3 Nc5 20. Bf1 Be6 21. Kh1
g4 22. Ra3 gxf3 23. gxf3 Nd4 24. Bg2 Qh4 25. Qd2 g6 26. Rxb3 Ndxb3 27. Qe1
Qxe1+ 28. Rxe1 Kg7 29. Kg1 Rb8 30. Rd1 a5 31. Nc2 Bxd5 32. Rxd5 Rb6 33. f4 f6
34. fxe5 fxe5 35. Rd1 Na4 36. Rb1 Nd2 37. Ra1 Nxb2 38. Rxa5 Nbxc4 39. Ra7+ Kf6
40. h4 Rb1+ 41. Kh2 Rb2 42. Ne1 Ne3 43. Ra3 Ndc4 44. Rc3 Re2 45. Rc1 Nxg2 0-1

[Event "Madrid-chT 2324"]
[Site "Madrid"]
[Date "2024.02.11"]
[Round "9.5"]
[White "Medina Riesgo, Pedro"]
[Black "Sempere Domenech, Abel"]
[Result "1-0"]
[WhiteElo "2160"]
[BlackElo "2003"]
[PlyCount "105"]
[EventDate "2023.11.19"]
[EventType "team-tourn"]
[EventRounds "14"]
[EventCountry "ESP"]
[SourceTitle "AjedrezenMadrid"]
[Source "lmi"]
[SourceDate "2023.11.19"]
[SourceVersion "1"]
[SourceVersionDate "2024.03.19"]
[SourceQuality "1"]
[WhiteTeam "Mostoles"]
[BlackTeam "San Fernando de Henares"]
[WhiteTeamCountry "ESP"]
[BlackTeamCountry "ESP"]

1. e4 e6 2. d3 d5 3. Nd2 c5 4. Ngf3 Nf6 5. g3 g6 6. Bg2 Bg7 7. O-O O-O 8. c3
Nc6 9. Re1 b6 10. e5 Nd7 11. d4 f6 12. exf6 Qxf6 13. Qe2 Re8 14. Nb3 c4 15. Bg5
Qf7 16. Nbd2 Bb7 17. Bf4 e5 18. dxe5 Ndxe5 19. Ng5 Qd7 20. Bh3 Qd6 21. Rad1 Qf6
22. Bxe5 Qxg5 23. f4 Qd8 24. Nf3 Nxe5 25. Nxe5 Qc7 26. Bg2 Rad8 27. h4 Qe7 28.
Qf2 Qc5 29. Qxc5 bxc5 30. Nxc4 Rxe1+ 31. Rxe1 Ba6 32. Nd2 d4 33. c4 d3 34. Bd5+
Kf8 35. b3 Bc8 36. Kg2 Bc3 37. Rd1 Re8 38. Ne4 Rxe4 39. Bxe4 d2 40. Kf2 Bg4 41.
Bf3 Bf5 42. Ke3 a5 43. g4 Be6 44. Kd3 Bb4 45. Ra1 a4 46. a3 Ba5 47. b4 Bc7 48.
Kxd2 Bxc4 49. Kc3 Bb3 50. bxc5 Bxf4 51. Rf1 Ke7 52. Bd1 Be5+ 53. Kb4 1-0

[Event "Madrid-chT 2324"]
[Site "Madrid"]
[Date "2024.02.11"]
[Round "9.6"]
[White "Rodriguez Lopez, Ruben"]
[Black "Guillo Longares, Cecilia"]
[Result "0-1"]
[WhiteElo "1900"]
[BlackElo "2093"]
[PlyCount "140"]
[EventDate "2023.11.19"]
[EventType "team-tourn"]
[EventRounds "14"]
[EventCountry "ESP"]
[SourceTitle "AjedrezenMadrid"]
[Source "lmi"]
[SourceDate "2023.11.19"]
[SourceVersion "1"]
[SourceVersionDate "2024.03.19"]
[SourceQuality "1"]
[WhiteTeam "San Fernando de Henares"]
[BlackTeam "Mostoles"]
[WhiteTeamCountry "ESP"]
[BlackTeamCountry "ESP"]

1. e4 c5 2. Nf3 Nc6 3. d4 cxd4 4. Nxd4 g6 5. Be3 Bg7 6. c4 Qb6 7. Nb3 Qd8 8.
Nd4 Nf6 9. Nc3 d6 10. Be2 Bd7 11. f3 O-O 12. O-O a5 13. b3 Nxd4 14. Bxd4 Bc6
15. Rc1 Nd7 16. Bxg7 Kxg7 17. Qd2 Nc5 18. Nd5 e6 19. Ne3 Qb6 20. Kh1 Rad8 21.
Rfd1 Rd7 22. Qc3+ e5 23. Nc2 Ne6 24. Rxd6 Qc5 25. Rxd7 Bxd7 26. Qe3 Qc7 27. Kg1
Bc6 28. Rd1 Qe7 29. a3 Rc8 30. Qb6 Nf4 31. Bf1 Qg5 32. g3 h5 33. Kf2 Ne6 34.
Qe3 Qf6 35. Rd6 g5 36. Kg1 g4 37. Be2 Qe7 38. c5 b6 39. b4 Ba4 40. Ne1 bxc5 41.
bxc5 Rxc5 42. Rd5 Nd4 43. Rxd4 exd4 44. Qxd4+ Qe5 45. Qxa4 Rc1 46. Kf2 Qc5+ 47.
Kf1 Qc3 48. Bd1 Qd2 49. Qb5 Rxd1 50. Qe5+ Kf8 51. Qh8+ Ke7 52. Qe5+ Kd7 53.
Qb5+ Ke6 54. Qe8+ Kd6 55. Qd8+ Kc6 56. Qc8+ Kb5 57. Qe8+ Qd7 58. Qe5+ Ka4 59.
Qc3 Qd2 60. Qc4+ Kxa3 61. Qc5+ Qb4 62. Qe3+ Ka4 63. Qe2 Rxe1+ 64. Qxe1 Qxe1+
65. Kxe1 gxf3 66. h3 Kb3 67. g4 hxg4 68. hxg4 a4 69. e5 a3 70. g5 a2 0-1

[Event "Madrid-chT 2324"]
[Site "Madrid"]
[Date "2024.02.17"]
[Round "10.1"]
[White "Trost, Edvin"]
[Black "Elissalt Cardenas, Hector"]
[Result "1/2-1/2"]
[WhiteElo "2434"]
[BlackElo "2336"]
[PlyCount "81"]
[EventDate "2023.11.19"]
[EventType "team-tourn"]
[EventRounds "14"]
[EventCountry "ESP"]
[SourceTitle "AjedrezenMadrid"]
[Source "lmi"]
[SourceDate "2023.11.19"]
[SourceVersion "1"]
[SourceVersionDate "2024.03.19"]
[SourceQuality "1"]
[WhiteTeam "Villalba 64"]
[BlackTeam "Tajamar"]
[WhiteTeamCountry "ESP"]
[BlackTeamCountry "ESP"]

1. e4 d6 2. d4 Nf6 3. Nc3 e5 4. Nf3 Nbd7 5. Bc4 Be7 6. a4 O-O 7. O-O b6 8. Re1
a6 9. h3 c6 10. d5 c5 11. Kh2 Kh8 12. Rg1 Rg8 13. Be3 Nf8 14. Qd3 Ng6 15. Rab1
a5 16. Bb5 h6 17. Ne2 Nh7 18. Ng3 Ng5 19. Qe2 Ra7 20. Nd2 Nh4 21. Qh5 g6 22.
Qe2 f5 23. f4 exf4 24. Bxf4 Nf7 25. exf5 g5 26. Be3 Bf6 27. Kh1 Be5 28. Bf2 Re7
29. f6 Bxf6 30. Qh5 Bg7 31. Nge4 Nf5 32. Bd3 Ne5 33. Nxg5 Nxd3 34. cxd3 Qe8 35.
Qxe8 Rgxe8 36. Ngf3 Re2 37. Rge1 Bb7 38. Nc4 Bxd5 39. Nxb6 Bxf3 40. gxf3 Bd4
41. Rxe2 1/2-1/2

[Event "Madrid-chT 2324"]
[Site "Madrid"]
[Date "2024.02.17"]
[Round "10.2"]
[White "Centron Antuna, Daniel"]
[Black "Abbasifar, Hasan"]
[Result "1-0"]
[WhiteElo "2212"]
[BlackElo "2308"]
[PlyCount "81"]
[EventDate "2023.11.19"]
[EventType "team-tourn"]
[EventRounds "14"]
[EventCountry "ESP"]
[SourceTitle "AjedrezenMadrid"]
[Source "lmi"]
[SourceDate "2023.11.19"]
[SourceVersion "1"]
[SourceVersionDate "2024.03.19"]
[SourceQuality "1"]
[WhiteTeam "Tajamar"]
[BlackTeam "Villalba 64"]
[WhiteTeamCountry "ESP"]
[BlackTeamCountry "ESP"]

1. e4 e5 2. Nf3 Nc6 3. d4 exd4 4. Bc4 d6 5. Nxd4 g6 6. Nxc6 bxc6 7. O-O Bg7 8.
Nc3 Ne7 9. Bg5 O-O 10. Qd2 Be6 11. Bb3 Qd7 12. f4 f6 13. Bh4 Kh8 14. Rae1 Bg8
15. Qd3 Rad8 16. Bf2 a5 17. Rd1 Qc8 18. Bxg8 Kxg8 19. Qc4+ Kh8 20. h3 Qb7 21.
Qb3 Rb8 22. Qxb7 Rxb7 23. b3 f5 24. e5 Re8 25. Na4 dxe5 26. Nc5 Rb4 27. fxe5
Nd5 28. Rfe1 Kg8 29. c4 Nc3 30. Rd7 Nxa2 31. Rxc7 a4 32. bxa4 Rxc4 33. a5 Nb4
34. a6 Rxc5 35. Bxc5 Nd3 36. Rb1 Nxc5 37. a7 Na6 38. Rxc6 Bxe5 39. Rxa6 Ra8 40.
Rb7 f4 41. Kf2 1-0